A szerző előszava
Elmentve itt :
| Szerző: | |
|---|---|
| Dokumentumtípus: | Cikk |
| Megjelent: |
2010
|
| Sorozat: | Szemiotikai szövegtan
|
| Kulcsszavak: | Nyelvészet, Szövegtan |
| Online Access: | http://acta.bibl.u-szeged.hu/36631 |
| LEADER | 00566nab a2200181 i 4500 | ||
|---|---|---|---|
| 001 | acta36631 | ||
| 005 | 20210722100807.0 | ||
| 008 | 161017s2010 hu o 0|| hun d | ||
| 022 | |a 0865-5960 | ||
| 040 | |a SZTE Egyetemi Kiadványok Repozitórium |b hun | ||
| 041 | |a hun | ||
| 100 | 1 | |a Békési Imre | |
| 245 | 1 | 2 | |a A szerző előszava |h [elektronikus dokumentum] / |c Békési Imre |
| 260 | |c 2010 | ||
| 300 | |a 13 | ||
| 490 | 0 | |a Szemiotikai szövegtan | |
| 695 | |a Nyelvészet, Szövegtan | ||
| 856 | 4 | 0 | |u http://acta.bibl.u-szeged.hu/36631/1/szemiotikai_019_013.pdf |z Dokumentum-elérés |